000 00677nab a2200193 4500
001 244442
003 OSt
005 20231219134533.0
007 tu
008 200917s2020|||||||
040 _aDE-2950
_cDE-2950
245 0 0 _aHotel soll in unter einem Jahr eröffnen
_bTourismus. Wer vom Bahnhof in Frankfurt nach Altberesinchen geht, kann es nicht mehr übersehen: Am Dresdener Platz entsteht ein neues Gebäude. Am Freitag war Richtfest/.
_cLisa Mahlke
264 _c2023
653 _aFrankfurt (Oder)
653 _aAltberesinchen
653 _aHotelneubau
773 0 _g34. Jahrgang (2023) Nr. 291 vom 14.12.2023, S. 13, mit Foto
_tMärkische Oderzeitung
942 _2z
_cA
999 _c372883
_d372883